000 01048nam a22002297a 4500
008 240212t2019 ck gr 001 pdspa d
020 _a9789584862877
037 _3Donación
040 _aCO-JMCR
_cCO-JMCR
_dCO-JMCR
_erda
_bspa
041 0 _aspa
082 0 4 _aA-P
_bGOMu1
100 1 _943384
_aGómez Nieto, Jaime,
_eautor
245 1 0 _aUniverso con figuras /
_cJaime Gómez Nieto
264 _aBogotá :
_bLa Joven Parca ,
_c©2019
300 _a82 páginas ;
_c22 cm.
500 _aIncluye datos biográficos del autor en la solapa
505 0 _aViaje sin regreso -- Ultraje del viaje -- Salvación de la mañana -- Divertimiento del personaje -- Reunión de trabajo -- Sagrada realidad -- Poética a mi manera
520 3 _a"La patria es el lenguaje". Tal convivvión le obliga a llevar sobre sus hombros el "confuso sonido de la época", mientras "el tiempo burlesco agoniza en los viejos relojes".
650 1 4 _ySiglo XX
_940443
650 2 4 _ySiglo XX
_98739
999 _c30563
_d16947